| 000 | 00000nas 2200000zi 4500 |
| 001 | 9.919370 |
| 003 | CaOODSP |
| 005 | 20241127161703 |
| 006 | m o d f |
| 007 | cr cn |||||||| |
| 008 | 230123c20259999onchr p o f0###a0eng|d |
| 022 | |a2817-1950 |
| 040 | |aCaOODSP|beng|erda|cCaOODSP |
| 043 | |an-cn--- |
| 086 | 1 |aPS82-6E-PDF |
| 110 | 2 |aCorrectional Service Canada.|eauthor, |eissuing body. |
| 222 | 0|aAccessibility plan |b(Correctional Service Canada) |
| 245 | 10|a... accessibility plan. |
| 264 | 1|aOttawa, ON : |bCorrectional Service Canada = Service correctionnel Canada, |c[2022]- |
| 310 | |aTriennial |
| 336 | |atext|btxt|2rdacontent |
| 337 | |acomputer|bc|2rdamedia |
| 338 | |aonline resource|bcr|2rdacarrier |
| 362 | 1 |aBegan with: 2022/2025. |
| 500 | |aIssued also in French under title: Plan sur l'accessibilité. |
| 588 | |aDescription based on: 2022/2025; title from PDF cover page. |
| 588 | |aLatest issue consulted: 2022/2025. |
| 610 | 20|aCorrectional Service Canada|vPeriodicals. |
| 650 | 0|aBarrier-free design|zCanada|xPlanning|vPeriodicals. |
| 650 | 0|aPeople with disabilities|xGovernment policy|zCanada|vPeriodicals. |
| 655 | 7|aPeriodicals|2lcgft |
| 775 | 08|tPlan sur l'accessibilité ...|w(CaOODSP)9.919371 |